NUOVE QUESTIONI DI STORIA CONTEMPORANEA. VOL. II. (Record n. 298845)
[ formato base ]
| 000 -LEADER | |
|---|---|
| fixed length control field | 01233nam a2200229Ia 4500 |
| 001 - CONTROL NUMBER | |
| control field | L900-39861 |
| 003 - CONTROL NUMBER IDENTIFIER | |
| control field | IT-CnALBA |
| 008 - FIXED-LENGTH DATA ELEMENTS--GENERAL INFORMATION | |
| fixed length control field | 170116s9999||||xx |||||||||||||| ||und|| |
| 040 ## - CATALOGING SOURCE | |
| Original cataloging agency | IT-CnALBA |
| Transcribing agency | IT-CnALBA |
| 041 ## - LANGUAGE CODE | |
| Language code of text/sound track or separate title | ITALIANO |
| 999 ## - SYSTEM CONTROL NUMBERS (KOHA) | |
| Koha Dewey Subclass [OBSOLETE] | NO |
| 100 ## - MAIN ENTRY--PERSONAL NAME | |
| Personal name | CURATO FEDERICO |
| 245 #0 - TITLE STATEMENT | |
| Title | NUOVE QUESTIONI DI STORIA CONTEMPORANEA. VOL. II. |
| 250 ## - EDITION STATEMENT | |
| Edition statement | 1a ed. |
| 260 ## - PUBLICATION, DISTRIBUTION, ETC. (IMPRINT) | |
| Place of publication, distribution, etc. | MILANO - COMO |
| Name of publisher, distributor, etc. | MARZORATI CARLO EDITORE |
| Date of publication, distribution, etc. | 1969 [1° Ed.:1969 - Ed.Ling.Originale: 1969] |
| 300 ## - PHYSICAL DESCRIPTION | |
| Extent | 922 p. (prefazione: 11) |
| 500 ## - GENERAL NOTE | |
| General note | LETTERATURA SULLE ORIGINI DELLA PRIMA GUERRA MONDIALE. RIVOLUZIONE RUSSA. INDICE ONOMASTICO. URSS POTENZA MONDIALE. BELOFF M. VEGAS F. USA 1890 1945. GORI U. SOCIETÀ DELLE NAZIONI. ITALIA, 1914 1945, QUARONI P. TOSCANO M. QUESIONI DIPLOMATICHE, II GUERRA |
| 501 ## - WITH NOTE | |
| With note | Società San Paolo EM - Piazza San Paolo, 14 - 12051 ALBA (CN) (non commercial uses only) ® Copyright 2017 |
| 520 ## - SUMMARY, ETC. | |
| Summary, etc. | LETTERATURA SULLE ORIGINI DELLA PRIMA GUERRA MONDIALE. RIVOLUZIONE RUSSA. INDICE ONOMASTICO. URSS POTENZA MONDIALE. BELOFF M. VEGAS F. USA 1890 1945. GORI U. SOCIETÀ DELLE NAZIONI. ITALIA, 1914 1945, QUARONI P. TOSCANO M. QUESIONI DIPLOMATICHE, II GUERRA |
| 650 ## - SUBJECT ADDED ENTRY--TOPICAL TERM | |
| Topical term or geographic name as entry element | STORIA UNIVERSALE |
| 942 ## - ADDED ENTRY ELEMENTS (KOHA) | |
| Koha item type | LIBRO |
| 957 ## - | |
| -- | 1 |
| 999 ## - SYSTEM CONTROL NUMBERS (KOHA) | |
| -- | Copie: 1 |
| Withdrawn status | Lost status | Damaged status | Not for loan | Home library | Current library | Date acquired | Total Checkouts | Full call number | Date last seen | Price effective from | Koha item type | Public note |
|---|---|---|---|---|---|---|---|---|---|---|---|---|
| Buone Condizioni | Not For Loan | ALBA - Biblioteca | ALBA - Biblioteca | 16/01/2017 | L900-39861 | 16/01/2017 | 16/01/2017 | LIBRO | (data import: 16 gennaio 2017) - By Epidotti, Vaglietti. |